|
|
|
|
| LEADER |
00000nam0a2200000 4500 |
| 001 |
150006 |
| 005 |
20231031150057.0 |
| 010 |
|
|
|a 9785699257928
|
| 035 |
|
|
|a (RuTPU)RU\TPU\book\162617
|
| 090 |
|
|
|a 150006
|
| 100 |
|
|
|a 20081224d2008 m y0rusy50 ca
|
| 101 |
0 |
|
|a rus
|
| 102 |
|
|
|a RU
|
| 105 |
|
|
|a y z 000ay
|
| 200 |
1 |
|
|a Коллекция дамских соблазнов
|e [роман]
|f И. Хрусталева
|
| 210 |
|
|
|a Москва
|c Эксмо
|d 2008
|
| 215 |
|
|
|a 352 с.
|
| 225 |
1 |
|
|a Женские штучки
|
| 330 |
|
|
|a Ну и клиентка досталась на сей раз частным детективам братьям Чугункиным и их отчаянной подруге Юле Смеховой по прозвищу Катастрофа! Когда-то Людмила работала в фирме по сопровождению, и вот теперь неизвестно откуда выплыли снимки тех времен весьма фривольного содержания. Ее богатому влиятельному мужу они вряд ли понравятся! Чугункины быстро выяснили, что шантажист открывает счета по паспортам бомжей, отправились на свалку и... исчезли в неизвестном направлении! Теперь Юльке придется самой и расследование продолжать, и выручать горе-детективов!
|
| 610 |
1 |
|
|a русская литература
|
| 610 |
1 |
|
|a романы
|
| 610 |
1 |
|
|a детективы
|
| 675 |
|
|
|a Р2
|v 3
|
| 700 |
|
1 |
|a Хрусталева
|b И.
|g Ирина
|
| 801 |
|
1 |
|a RU
|b 63413507
|c 20081224
|g PSBO
|
| 801 |
|
2 |
|a RU
|b 63413507
|c 20090112
|g PSBO
|
| 942 |
|
|
|c BK
|